000 00337nam a2200133 i 4500
001 bg
100 1 _aWALCZAK, Tadeusz.
245 0 _aKomputery :
_bzasady dziaƂania i metody zastosowaƄ /
_cTadeusz Walczak.
260 _aWarszawa,
_c1982.
040 _cBPK
041 _apol
942 _cKS
008 s pl f |000 0 pol
999 _c20732
_d20732
856 _uhttp://koha.tu.koszalin.pl/cgi-bin/koha/opac-detail.pl?biblionumber=20732
_yKatalog online BPK